Testing of rubber and elastomers. Flexing endurance test: Definitions, apparatus, preparation of test pieces (Record no. 73388)

MARC details
000 -LEADER
fixed length control field 00389nam a2200121Ia 4500
245 #0 - TITLE STATEMENT
Title Testing of rubber and elastomers. Flexing endurance test: Definitions, apparatus, preparation of test pieces
260 ## - PUBLICATION, DISTRIBUTION, ETC. (IMPRINT)
Year of publication 1979
500 ## - GENERAL NOTE
General note Standard number: DIN53 522 Part 1
650 ## - SUBJECT ADDED ENTRY--TOPICAL TERM
Topical Term Elastomers
650 ## - SUBJECT ADDED ENTRY--TOPICAL TERM
Topical Term Flexing endurance test
942 ## - ADDED ENTRY ELEMENTS (KOHA)
Koha item type Standards
Holdings
Withdrawn status Lost status Damaged status Not for loan Collection code Home library Current library Date acquired Koha item type
      Standards DIN standards/German Standards RRII Library RRII Library 31/12/2021 Standards